000
00259nam a22001097a 4500
008
170117b xxu||||| |||| 00| 0 eng d
020
_a
9780803614543
041
_a
eng
080
_2
10TH
_a
618.2
245
_a
DRUG GUIDE FOR NURSES
_c
DEGLIN, J,H
942
_2
udc
_c
BK
999
_c
3021
_d
3021